Time series analysis papers (Record no. 3392)

MARC details
000 -LEADER
fixed length control field 00538nam a2200181Ia 4500
003 - CONTROL NUMBER IDENTIFIER
control field IN-BaIIA
008 - FIXED-LENGTH DATA ELEMENTS--GENERAL INFORMATION
fixed length control field 211028s9999 xx 000 0 eng d
040 ## - CATALOGING SOURCE
Transcribing agency IIA Library
080 ## - UNIVERSAL DECIMAL CLASSIFICATION NUMBER
Universal Decimal Classification number 681.3
Item number PAR
100 ## - MAIN ENTRY--PERSONAL NAME
Personal name Parzen, Emanuel
9 (RLIN) 6012
245 #0 - TITLE STATEMENT
Title Time series analysis papers
Statement of responsibility, etc. Emanuel Parzen
260 ## - PUBLICATION, DISTRIBUTION, ETC.
Place of publication, distribution, etc. San Francisco
Name of publisher, distributor, etc. Holden-Day
Date of publication, distribution, etc. 1967
300 ## - PHYSICAL DESCRIPTION
Extent xv, 565p.
490 ## - SERIES STATEMENT
Series statement Holden-Day series in time series analysis
650 ## - SUBJECT ADDED ENTRY--TOPICAL TERM
Topical term or geographic name entry element Computers
9 (RLIN) 2283
650 ## - SUBJECT ADDED ENTRY--TOPICAL TERM
Topical term or geographic name entry element NASA Thesaurus
942 ## - ADDED ENTRY ELEMENTS (KOHA)
Koha item type Books
Holdings
Withdrawn status Lost status Damaged status Not for loan Home library Current library Shelving location Date acquired Cost, normal purchase price Total Checkouts Full call number Barcode Date last seen Cost, replacement price Price effective from Koha item type Purchase Price
        IIA Library-Bangalore IIA Library-Bangalore General Stacks 28/02/1970 62.43   681.3/ PAR 3772 05/11/2021 62.43 28/02/1970 Books Rs. 62.43

Powered by Koha